000 00937nam a2200241Ii 4500
003 JO-AjNU
008 230605s9999||||xx |||||||||||||| ||und||
017 _a2001/17799
020 _a977-322-075-3
040 _aJO-AjNU
_bara
_erda
_cJO-AjNU
041 _aara
050 1 4 _aBP195.Z2.A2322 2002
100 3 _aعبد العاطي، عبد الغني محمود,
_eauthor
_919606
245 0 0 _a الصراع الفكري في اليمن بين الزيدية والمطرفية: دراسة ونصوص
250 _aط1
264 3 1 _aالقاهرة: عين للدراسات والبحوث الانسانية والاجتماعية، 2002
300 _a334ص
336 _atext
_btxt
_2rdacontent
337 _aunmediated
_bn
_2rdamedia
338 _avolume
_bnc
_2rdacarrier
490 0 _aتاريخ الجزيرة العربية
650 4 _aالزيدية- فرق اسلامية- القبائل العربية- اليمن
_919607
999 _aA6499
_c10067
_d10067